000 01326nam a2200217Ia 4500
003 Ost
005 20260507075454.0
008 260507s9999||||xx |||||||||||||| ||und||
040 _cfsecg
041 _aara
082 _a332.6
100 _aحسب الله محمد، اميرة
_eمؤلف
245 0 _aمحددات الاستثمار الاجنبي المباشر و غير المباشر في البيئة الاقتصادية العربية :
_bدراسة مقارنة (تركيا-كوريا الجنوبية-مصر ) /
_c اميرة حسب الله محمد
260 _aالاسكندرية:
_bالدار الجامعية,
_c2005
300 _a337 صفحة؛
_c24 سم
504 _aبيبليوغرافيا ص.303 ملاحق ص.325
520 _aيحتوي الكتاب على المحاور التالية :محددات الإستثمار الأجنبي المباشر وغير المباشر ، محددات الإستثمار الأجنبي في تركيا وكوريا الجنوبية ، محددات الإستثمار الأجنبي المباشر في مصر ، محددات الإستثمار الأجنبي غير المباشر في مصر.
653 _aالاستثمارات--البلاد العربيه
653 _aالبلاد العربيه--سياسه اقتصاديه
942 _cكتاب
999 _c44656
_d44656